[Event "ICS Rated blitz match"]
[Site "207.99.83.227"]
[Date "1999.04.08"]
[Round "?"]
[White "matar"]
[Black "Hossa"]
[Result "1-0"]
[WhiteElo "2398"]
[BlackElo "2520"]
[Annotator "Crafty v16.6"]
[PlyCount "95"]

{annotating for player Hossa using a scoring margin of +0.10 pawns. search
time limit is 20.00} 1. e4 1... d6 2. d4 Nf6 3. Nc3 g6 ({8:-0.66} 3... g6 4.
Be2 d5 5. e5 Ne4 6. Nxe4 dxe4 7. Bg5 7... Bf5 $14) ({8:-0.36} 3... Nc6 4. Bb5
Bd7 5. Nf3 a6 6. Bc4 Na5 7. Bd3 $14) 4. Be3 Bg7 5. Qd2 Ng4 6. Bg5 h6 7. Bh4 g5
8. Bg3 Nc6 ({7:-0.71} 8... Nc6 9. f3 Nf6 10. O-O-O Nh5 11. Bb5 Nxg3 12. hxg3
$16) ({7:-0.55} 8... h5 9. f3 h4 10. Bb5+ c6 11. Qxg5 hxg3 12. Qxg7 12... Rxh2
$14) 9. Nf3 e5 ({8:-0.87} 9... e5 10. d5 Nd4 11. O-O-O c5 12. h3 Nxf3 13. gxf3
13... Nf6 $16) ({8:-0.56} 9... f5 10. exf5 Bxf5 11. O-O-O Nb4 12. h3 Nf6 13.
Bb5+ c6 14. Ba4 $14) 10. Bb5 exd4 11. Nxd4 Bd7 12. Bxc6 bxc6 13. O-O-O O-O 14.
h4 Rb8 15. hxg5 Bxd4 ({8:-1.44} 15... Bxd4 16. Qxd4 Qxg5+ 17. Rd2 c5 18. Qd3
Rb4 19. f4 Qe7 20. Kb1 $16) ({8:-0.60} 15... Qxg5 16. f4 Qc5 17. Kb1 Qb4 18. b3
c5 19. Nde2 $14) 16. Qxd4 Qxg5+ 17. f4 Qa5 18. f5 c5 19. Qd2 Qb4 20. b3 Qa3+ ({
8:-3.30} 20... Qa3+ 21. Kb1 f6 22. Qf4 h5 23. Rxh5 Ne5 24. Qh6 Kf7 25. Bxe5
25... fxe5 $18) ({8:-1.86} 20... Rfe8 21. Rh4 Rxe4 22. Nxe4 Qxe4 23. Bf4 h5 24.
Rxh5 24... Bxf5 $18) 21. Kb1 Kh7 ({7:-11.50} 21... Kh7 22. Rxh6+ Nxh6 23. Rh1
Rxb3+ 24. cxb3 Qxb3+ 25. axb3 Kg8 26. Qg5+ Kh8 27. Rxh6# $18) ({8:-3.93} 21...
Rfe8 22. Rh4 Bxf5 23. exf5 Rb4 24. Nb5 Rxb5 25. Rxg4+ 25... Kh7 $18) 22. Rh4
Rg8 ({8:-7.06} 22... Rg8 23. Nd5 Bxf5 24. Nf6+ Kh8 25. exf5 Rg6 26. fxg6 Nxf6
27. gxf7 $18) ({8:-5.64} 22... Bxf5 23. exf5 Qb4 24. Bf4 Nf2 25. Qxf2 Qxc3 26.
Bxh6 $18) 23. Rdh1 Bxf5 ({7:-11.38} 23... Bxf5 24. Rxg4 Rg6 25. exf5 Rbg8 26.
fxg6+ Rxg6 27. Rxg6 Kxg6 28. Qxh6+ Kf5 29. Qe3 $18) ({7:-6.90} 23... Rg6 24.
fxg6+ Kg8 25. gxf7+ Kxf7 26. Bxd6 cxd6 27. Qxd6 Rd8 28. Rxg4 Bxg4 29. Qxd8 $18)
24. exf5 d5 25. Rxg4 Qa6 ({8:-11.75} 25... Qa6 26. f6 Qf1+ 27. Rxf1 Rxg4 28.
Qd3+ Kh8 29. Nxd5 Rbg8 30. Rf3 $18) ({8:-11.03} 25... Rb6 26. Ra4 Qb4 27. Rxb4
cxb4 28. Ne2 Re8 29. Bxc7 $18) 26. Rxg8 Rxg8 27. Bf4 d4 28. Ne4 Rg4 29. Nxc5
Qb5 30. Rxh6+ Kg8 31. Be5 f6 32. Rxf6 Qxc5 33. Qh6 Rg7 34. Re6 Qe7 35. Rxe7
Rxe7 36. f6 Rf7 37. Qg6+ Kf8 38. Bxd4 a5 39. Bc5+ Ke8 40. Qg8+ Kd7 41. Qxf7+
Kc6 42. Bd4 a4 43. c4 Kb7 44. Qd5+ Kc8 45. f7 c5 46. f8=Q+ Kc7 47. Qdd6+ Kb7
48. Qfb8# 1-0

[Event "ICS Rated blitz match"]
[Site "207.99.83.227"]
[Date "1999.04.08"]
[Round "?"]
[White "Hossa"]
[Black "matar"]
[Result "0-1"]
[WhiteElo "2499"]
[BlackElo "2440"]
[Annotator "Crafty v16.6"]
[PlyCount "62"]

{annotating for player Hossa using a scoring margin of +0.10 pawns. search
time limit is 20.00} 1. e4 1... c5 2. Bc4 e6 3. Nc3 Nc6 4. Nf3 Nf6 5. O-O d5 6.
exd5 exd5 7. Bb5 Bd6 8. Re1+ Be6 9. Ng5 O-O 10. Bxc6 bxc6 11. Nxe6 fxe6 12.
Rxe6 Qd7 13. Qe2 ({9:-0.18} 13. Qe2 13... d4 14. Na4 Kf7 15. Re5 Bxe5 16. Qxe5
Qd5 17. Qxd5+ Nxd5 18. Nxc5 $10) ({9:+0.81} 13. Re2 13... Qf5 14. h3 d4 15. Na4
Ne4 16. Qe1 Rae8 17. Rb1 $16) 13... Rae8 14. Rxe8 Rxe8 15. Qf1 Ng4 16. g3 Rf8
17. f4 c4 18. Kh1 Bc5 19. Na4 Nf2+ 20. Kg1 Bd4 21. Nc3 Re8 22. Ne2 Bb6 23. a4 (
{8:-3.47} 23. a4 23... Qg4 24. a5 Nh3+ 25. Kh1 Bf2 26. d3 Rxe2 27. dxc4 $19) ({
8:-2.47} 23. h3 23... Nxh3+ 24. Kh2 Qg4 25. Nc3 Bg1+ 26. Kg2 Bf2 27. Kh1 27...
Qxg3 $19) 23... Qg4 24. b3 ({8:-14.41} 24. b3 24... Qf3 25. Qg2 Ng4+ 26. d4
cxd3+ 27. Be3 Bxe3+ 28. Kh1 Nf2+ 29. Kg1 Nd1+ 30. Kh1 Qxg2+ 31. Kxg2 dxe2 32.
Kh3 32... e1=Q $19) ({8:-4.80} 24. Ra3 24... Rxe2 25. Re3 Bxe3 26. dxe3 Rxc2
27. Qe1 27... Kf7 $19) 24... Rxe2 25. Qxe2 Qxe2 26. Kg2 Ng4+ 27. Kh3 h5 28. Kh4
Bd8+ 29. Kxh5 Kh7 30. f5 Nf2+ 31. g4 Qxg4# 0-1

[Event "ICS rated blitz match"]
[Site "207.99.83.227"]
[Date "1999.04.08"]
[Round "?"]
[White "lkd"]
[Black "Hossa"]
[Result "0-1"]
[WhiteElo "2197"]
[BlackElo "2480"]
[PlyCount "88"]

1. d4 Nf6 2. c4 g6 3. Nc3 Bg7 4. e4 d6 5. f3 O-O 6. Be3 e5 7. d5 Na6 8. Bd3 Nb4
9. Bb1 Nd7 10. Nge2 Nb6 11. b3 Bd7 12. O-O g5 13. a3 Na6 14. Ng3 Kh8 15. Qd2
Bf6 16. Nh5 Rg8 17. Bd3 Qe7 18. b4 Na4 19. Nxa4 Bxa4 20. Ng3 Bd7 21. Rac1 c6
22. Qf2 Nc7 23. Bxa7 Qf8 24. Rc3 Bd8 25. Be3 Qh6 26. dxc6 bxc6 27. Ra1 Ra4 28.
Bc2 Ra6 29. a4 Be7 30. Rd1 d5 31. cxd5 Bxb4 32. Rb3 Rb8 33. d6 Ne6 34. Nf5 Qf6
35. Rdb1 c5 36. Bxc5 Nxc5 37. Rxb4 Rxb4 38. Rxb4 Bxf5 39. Qxc5 Bd7 40. Rb6 Ra8
41. Qc7 Qf4 42. Qc3 Rc8 43. Qd3 Qc1+ 44. Bd1 44... Qc5+ {lkd resigns} 0-1

[Event "ICS rated blitz match"]
[Site "207.99.83.227"]
[Date "1999.04.08"]
[Round "?"]
[White "Hossa"]
[Black "lkd"]
[Result "0-1"]
[WhiteElo "2485"]
[BlackElo "2176"]
[Annotator "Crafty v16.6"]
[PlyCount "166"]

{annotating for player Hossa using a scoring margin of +0.10 pawns. search
time limit is 20.00} 1. e4 1... c5 2. Bc4 e6 3. Nc3 d6 4. Nf3 Nc6 5. O-O ({
8:-0.14} 5. O-O 5... e5 6. d4 cxd4 7. Nd5 Bg4 8. Bb5 8... Nf6 $10) ({8:+0.64} 
5. d4 5... cxd4 6. Nxd4 e5 7. Nxc6 bxc6 8. Qh5 g6 9. Qg5 9... Nf6 $14) 5... e5
6. d3 Be7 7. Nd5 Nf6 8. Be3 O-O 9. Kh1 ({7:-1.00} 9. Kh1 9... Nxd5 10. Bxd5 Nb4
11. Bc4 Bg4 12. Kg1 12... Bh4 $17) ({7:-0.37} 9. c3 9... Bg4 10. b4 b6 11.
Nxe7+ Qxe7 12. bxc5 bxc5 13. Rb1 13... Rab8 $15) 9... Be6 10. c3 ({8:-0.68} 10.
c3 10... Qd7 11. Bd2 Bxd5 12. Bxd5 b6 13. Bc4 Na5 14. Ba6 $15) ({8:+0.04} 10.
Nxf6+ 10... Bxf6 11. Bxe6 fxe6 12. c3 Rc8 13. d4 cxd4 14. cxd4 d5 15. dxe5
15... Nxe5 $10) 10... a6 11. Rc1 ({8:-0.57} 11. Rc1 11... Ng4 12. d4 Bxd5 13.
Bxd5 Nxe3 14. fxe3 Qe8 15. dxc5 dxc5 16. Qd3 $15) ({8:+0.24} 11. Nxf6+ 11...
Bxf6 12. Bxe6 fxe6 13. Kg1 b6 14. d4 exd4 15. cxd4 d5 16. dxc5 16... Bxb2 $10)
11... b5 12. Nxf6+ Bxf6 13. Bxe6 fxe6 14. d4 exd4 15. cxd4 c4 16. d5 ({8:+0.24
} 16. d5 16... Nb4 17. dxe6 Bxb2 18. Rb1 c3 19. Bg5 19... Qe8 $10) ({8:+0.40} 
16. Qd2 16... d5 17. e5 Be7 18. a3 Qa5 19. Qe2 19... Qd8 $14) 16... Ne5 17.
Nxe5 ({9:+0.35} 17. Nxe5 17... Bxe5 18. Qd2 Qf6 19. dxe6 Bxb2 20. Qd5 Rfe8 21.
Rc2 21... Rac8 $14) ({9:+1.52} 17. Nd4 17... Qa5 18. Nxe6 Rfc8 19. a3 Nd3 20.
Bd2 Qa4 21. Qxa4 21... bxa4 $18) 17... Bxe5 18. Qd2 exd5 19. Bg5 ({9:+0.29} 19.
Bg5 19... Qd7 20. Qxd5+ Qf7 21. Qd2 Rae8 22. Rc2 Bf4 23. Bxf4 Qxf4 24. Qd5+
24... Rf7 $10) ({9:+0.51} 19. Qxd5+ 19... Kh8 20. b3 cxb3 21. axb3 Rc8 22. Rxc8
Qxc8 23. Rc1 Qg4 24. Rc7 24... Qe2 $14) 19... Qd7 20. Qxd5+ Kh8 21. Qd2 ({
8:+0.11} 21. Qd2 21... h6 22. Be3 Qg4 23. f3 Qh4 24. f4 Bf6 25. Qxd6 25... Bxb2
$10) ({8:+0.39} 21. b3 21... cxb3 22. axb3 Qf7 23. Qd3 Qh5 24. f4 Bf6 25. Bxf6
25... Rxf6 $14) 21... Qg4 22. f4 Bf6 23. Bxf6 Rxf6 24. e5 dxe5 25. fxe5 Re6 26.
Qf2 Ree8 27. Rce1 Qe6 28. Qf7 h6 29. Rf2 Rad8 30. Qxe6 ({9:-0.14} 30. Qxe6
30... Rxe6 31. Kg1 Rde8 32. Rfe2 Kh7 33. h4 Kg6 34. Kf2 34... Kf5 $10) ({
9:-0.02} 30. Kg1 30... Rd5 31. Qxe6 Rxe6 32. Rf5 Kh7 33. Re2 Kg6 34. g4 34...
a5 $10) 30... Rxe6 31. h4 Rde8 32. Rfe2 Kg8 33. g4 Kf7 34. h5 R6e7 35. Kg2 Ke6
36. Rd2 Rd7 37. Rxd7 Kxd7 38. Re4 Ke6 39. Re2 Rd8 40. Kf3 Rd5 41. Kf4 Rd4+ 42.
Kg3 b4 43. Kf3 a5 44. Kg3 c3 45. Kf3 a4 46. bxc3 bxc3 47. Rc2 Rc4 48. Ke2 Kxe5
49. Kd3 Rxg4 50. Kxc3 Rh4 51. Kb2 Kd5 52. Rg2 Rxh5 53. Rxg7 Rh4 54. Rd7+ Ke6
55. Rh7 h5 56. Kc3 Kf5 57. Rh8 Kg6 58. Rg8+ Kh7 59. Rg5 Kh6 60. Rg8 Rf4 61. Re8
h4 62. Rh8+ Kg5 63. Rg8+ Kf5 64. Rg2 h3 65. Rd2 Rh4 66. Rd1 h2 67. Rh1 Ke4 68.
a3 Kf3 69. Kd3 Kg2 70. Rd1 h1=Q 71. Rxh1 Rxh1 72. Kc2 Rh3 73. Kb2 Kf2 74. Ka2
Rc3 75. Kb2 Rc7 76. Kb1 Ke2 77. Kb2 Kd2 78. Kb1 Rh7 79. Kb2 Kd3 80. Ka2 Rh2+
81. Kb1 Kc3 82. Ka1 Kb3 83. Kb1 Rh1# 0-1

[Event "ICS rated blitz match"]
[Site "207.99.83.227"]
[Date "1999.04.08"]
[Round "?"]
[White "rjml"]
[Black "Hossa"]
[Result "0-1"]
[WhiteElo "2080"]
[BlackElo "2458"]
[PlyCount "64"]

1. d4 Nf6 2. Nf3 e6 3. c4 Be7 4. Nc3 O-O 5. e4 d5 6. e5 Ne4 7. Bd3 Nxc3 8. bxc3
dxc4 9. Bxc4 c5 10. O-O cxd4 11. cxd4 Bd7 12. Be3 Bc6 13. Rc1 Kh8 14. Bd3 Bd5
15. Bb1 Nc6 16. Qd3 g6 17. Nd2 Qd7 18. f4 Nb4 19. Qe2 Bxa2 20. Bxa2 Nxa2 21.
Rc4 Nb4 22. Ne4 Nd5 23. Rf3 Rac8 24. Rxc8 Rxc8 25. g4 Nxe3 26. Rxe3 Rc1+ 27.
Kg2 Qxd4 28. Nf6 Bxf6 29. exf6 Qxf6 30. Re4 Qc3 31. Qe3 Qb2+ 32. Kg3 32... Rc3
{rjml resigns} 0-1

[Event "ICS rated blitz match"]
[Site "207.99.83.227"]
[Date "1999.04.08"]
[Round "?"]
[White "Hossa"]
[Black "rjml"]
[Result "1-0"]
[WhiteElo "2461"]
[BlackElo "2077"]
[PlyCount "51"]

1. e4 e5 2. Nf3 Nc6 3. Bb5 Bc5 4. O-O Qf6 5. d3 h6 6. Be3 Bb6 7. Bxb6 axb6 8.
Nc3 Nge7 9. Nd5 Nxd5 10. exd5 Nd4 11. Nxd4 exd4 12. Re1+ Kd8 13. a3 c6 14. dxc6
bxc6 15. Bc4 d5 16. Bb3 Ra7 17. Qd2 Re7 18. Qb4 Rxe1+ 19. Rxe1 c5 20. Qb5 Bd7
21. Qa6 Re8 22. Qa8+ Kc7 23. Rxe8 Bxe8 24. Qxe8 Qf4 25. g3 Qc1+ 26. Kg2 {
rjml resigns} 1-0

[Event "ICS rated blitz match"]
[Site "207.99.83.227"]
[Date "1999.04.08"]
[Round "?"]
[White "rjml"]
[Black "Hossa"]
[Result "0-1"]
[WhiteElo "2074"]
[BlackElo "2464"]
[PlyCount "68"]

1. d4 Nf6 2. Nf3 e6 3. c4 Be7 4. Nc3 O-O 5. e4 d5 6. e5 Ne4 7. Bd3 Nxc3 8. bxc3
dxc4 9. Bxc4 c5 10. O-O cxd4 11. cxd4 Bd7 12. Be3 Bc6 13. Qd3 Bxf3 14. gxf3 Nc6
15. Qe4 Qd7 16. Bd3 g6 17. Bh6 Rfd8 18. Bb5 Qxd4 19. Bxc6 bxc6 20. Qxc6 Qxe5
21. Rae1 Qh5 22. Be3 Bd6 23. f4 Rac8 24. Qb7 Qg4+ 25. Kh1 Rc7 26. Qe4 Qh4 27.
Rg1 e5 28. Rd1 exf4 29. Rxd6 Rxd6 30. Qe8+ Kg7 31. Qe5+ Rf6 32. Qxc7 fxe3 33.
Qc5 exf2 34. Rf1 34... Qe4# {rjml checkmated} 0-1

[Event "ICS rated blitz match"]
[Site "207.99.83.227"]
[Date "1999.04.08"]
[Round "?"]
[White "Hossa"]
[Black "sega"]
[Result "1-0"]
[WhiteElo "2467"]
[BlackElo "2178"]
[PlyCount "85"]

1. e4 e6 2. Nf3 d5 3. exd5 exd5 4. Bb5+ c6 5. Be2 Nf6 6. O-O Bd6 7. d3 O-O 8.
Bg5 Bf5 9. Nd4 Bg6 10. Nd2 Nbd7 11. Re1 Qc7 12. N2f3 Rae8 13. Bh4 a6 14. Rc1
Ng4 15. h3 Nge5 16. Bg5 c5 17. Nb3 b6 18. d4 Nxf3+ 19. Bxf3 c4 20. Na1 Be4 21.
Bxe4 Rxe4 22. Rxe4 dxe4 23. Qg4 f5 24. Qh5 h6 25. Bxh6 gxh6 26. Qg6+ Kh8 27.
Qxh6+ Kg8 28. Qg6+ Kh8 29. Qh5+ Kg7 30. Qg5+ Kh7 31. Re1 Bf4 32. Qh5+ Bh6 33.
c3 Qf4 34. Qd1 Nf6 35. Qa4 Nd5 36. Qd7+ Bg7 37. Qxd5 Rg8 38. Qxc4 b5 39. Qf7
Qg5 40. h4 Qxh4 41. Qxf5+ Kh8 42. Re3 Bh6 43. Rh3 {sega resigns} 1-0

[Event "ICS rated blitz match"]
[Site "207.99.83.227"]
[Date "1999.04.08"]
[Round "?"]
[White "sega"]
[Black "Hossa"]
[Result "0-1"]
[WhiteElo "2202"]
[BlackElo "2472"]
[PlyCount "62"]

1. c4 e5 2. Nc3 Nf6 3. Nf3 Nc6 4. e4 Bc5 5. Nxe5 Nxe5 6. d4 Bb4 7. dxe5 Nxe4 8.
Qd4 Nxc3 9. bxc3 Be7 10. Qg4 g6 11. Qg3 Bh4 12. Qe3 O-O 13. Bd3 Re8 14. O-O d6
15. f4 dxe5 16. fxe5 f6 17. Qe4 fxe5 18. Bh6 Bf5 19. Rxf5 gxf5 20. Qxf5 Qe7 21.
Rf1 Rad8 22. Be4 b6 23. g3 Bxg3 24. hxg3 Rd7 25. Kh1 Kh8 26. Bc6 Qd6 27. Bxd7
Qxh6+ 28. Kg2 Re7 29. Be6 Rxe6 30. Rd1 Qf6 31. Qxf6+ 31... Rxf6 {sega resigns}
0-1

[Event "ICS Rated blitz match"]
[Site "207.99.83.227"]
[Date "1999.04.09"]
[Round "?"]
[White "Hossa"]
[Black "ducy"]
[Result "0-1"]
[WhiteElo "2478"]
[BlackElo "2236"]
[Annotator "Crafty v16.6"]
[PlyCount "46"]

{annotating for player Hossa using a scoring margin of +0.10 pawns. search
time limit is 20.00} 1. e4 1... c5 2. Bc4 g6 3. Nf3 Bg7 4. O-O Nc6 5. d3 e6 6.
Nc3 Nge7 7. Bg5 O-O 8. Bxe7 ({8:-0.59} 8. Bxe7 8... Qxe7 9. Qd2 d6 10. Rae1 Nd4
11. Nxd4 cxd4 12. Nb5 12... e5 $15) ({8:-0.01} 8. Qd2 8... d6 9. Bh6 e5 10.
Bxg7 Kxg7 11. Rae1 Kg8 12. Qh6 $10) 8... Nxe7 9. e5 d6 10. exd6 Qxd6 11. Qd2 a6
12. Rae1 ({9:-0.44} 12. Rae1 12... b5 13. Bb3 Bb7 14. Ng5 Qd4 15. Nce4 Rac8 16.
c3 $15) ({9:-0.20} 12. Ne4 12... Qc7 13. Rab1 b5 14. Bb3 c4 15. dxc4 bxc4 16.
Ba4 16... Rd8 $10) 12... b5 13. Bb3 Bb7 14. Ng5 ({8:-1.36} 14. Ng5 14... c4 15.
Nce4 Qc6 16. dxc4 bxc4 17. Qb4 cxb3 18. Qxe7 18... bxc2 $17) ({8:-0.51} 14. Qe2
14... b4 15. Na4 Nf5 16. Ne5 Nh4 17. g3 17... Nf5 $15) 14... Nf5 15. Nge4 Qc7
16. Qg5 Nd4 17. Qxc5 Qf4 18. Nd6 ({7:-0.44} 18. Nd6 18... Nf3+ 19. gxf3 Bd4 20.
Qxd4 Qxd4 21. Nxb7 21... b4 $15) ({7:+0.56} 18. Qe7 18... Bc6 19. Ne2 Nxe2+ 20.
Rxe2 Qg4 21. f3 Bd4+ 22. Kh1 22... Qf4 $14) 18... Nf3+ 19. gxf3 Bxf3 20. Nde4 (
{9:-Mat04} 20. Nde4 20... Qg4+ 21. Ng3 Qh3 22. Qxf8+ Kxf8 23. d4 23... Qg2# $19
) ({9:+0.49} 20. Re4 20... Bxe4 21. Ndxe4 Qg4+ 22. Ng3 Rfc8 23. Qe7 Bxc3 24.
bxc3 Rxc3 25. Re1 $14) 20... Qg4+ 21. Ng3 Qh3 22. Qxf8+ Rxf8 23. Nge2 Qg2# 0-1

[Event "ICS rated blitz match"]
[Site "207.99.83.227"]
[Date "1999.04.09"]
[Round "?"]
[White "Hossa"]
[Black "WhiteHorse"]
[Result "1-0"]
[WhiteElo "2452"]
[BlackElo "2454"]
[PlyCount "43"]

1. e4 g6 2. Be2 Bg7 3. Nc3 d6 4. Nf3 e5 5. O-O c5 6. d3 f5 7. Bg5 Bf6 8. Nd5 f4
9. c3 Be6 10. Nxf6+ Nxf6 11. d4 h6 12. dxe5 hxg5 13. exf6 g4 14. Ng5 Qxf6 15.
Qxd6 Qxg5 16. Qxe6+ Kf8 17. Qc8+ Kg7 18. Qxb7+ Kf6 19. Rad1 Qh4 20. Rd6+ Kg5
21. Qe7+ Kh5 22. Qe5+ {WhiteHorse resigns} 1-0

[Event "ICS rated blitz match"]
[Site "207.99.83.227"]
[Date "1999.04.09"]
[Round "?"]
[White "WhiteHorse"]
[Black "Hossa"]
[Result "1-0"]
[WhiteElo "2438"]
[BlackElo "2468"]
[Annotator "Crafty v16.6"]
[PlyCount "125"]

{annotating for player Hossa using a scoring margin of +0.10 pawns. search
time limit is 20.00} 1. d4 1... Nf6 2. c3 e6 3. e3 d5 4. Bd3 Bd6 5. f4 c5 6.
Nf3 c4 ({8:-0.29} 6... c4 7. Bc2 Nc6 8. Ne5 Nd7 9. Qh5 Ndxe5 10. fxe5 10... Be7
$10) ({8:-0.13} 6... Nbd7 7. O-O Nb6 8. Nbd2 Ng4 9. Qe2 Bd7 10. Ng5 $10) 7. Bc2
Nc6 8. O-O O-O ({8:-0.66} 8... O-O 9. Ng5 b5 10. Bd2 Bb7 11. Qf3 e5 12. fxe5
$14) ({8:-0.38} 8... Ng4 9. Na3 Bxa3 10. bxa3 Nf6 11. Nd2 Bd7 12. Rb1 12... Qc7
$14) 9. Nbd2 Bd7 ({9:-0.63} 9... Bd7 10. Ne5 Be8 11. Ng4 Nd7 12. Nf3 Ne7 13.
Bd2 13... Nf5 $14) ({9:-0.52} 9... Ne7 10. Ne5 Nf5 11. Ndf3 Ne4 12. Qe2 Qc7 13.
Bd2 13... Qe7 $14) 10. Ne5 Qe7 ({8:-0.82} 10... Qe7 11. Nxd7 Qxd7 12. g4 h6 13.
Qf3 Rad8 14. Re1 14... Rfe8 $16) ({8:-0.62} 10... Bc8 11. Qe2 Qe7 12. Re1 Rb8
13. Nxc6 bxc6 14. b4 cxb3 15. axb3 $14) 11. Rf3 Rae8 ({9:-0.83} 11... Rae8 12.
Rh3 h6 13. Nxd7 Qxd7 14. Qf3 b5 15. a3 a5 16. Rg3 $16) ({9:-0.51} 11... Bxe5
12. fxe5 Ng4 13. Rg3 Nh6 14. e4 Qh4 15. Nf3 Qh5 16. Rg5 $14) 12. Rh3 h6 13. g4
Rd8 14. Qf3 Rde8 ({8:-1.44} 14... Rde8 15. g5 Bxe5 16. dxe5 Nh7 17. gxh6 g6 18.
e4 18... g5 $16) ({8:-0.47} 14... Bxe5 $14) 15. Qg3 Bc7 16. g5 hxg5 ({8:-5.54} 
16... hxg5 17. fxg5 Nxe5 18. gxf6 Nf3+ 19. Qxf3 Bxh2+ 20. Kxh2 Qxf6 21. Qxf6
gxf6 22. Rh7 $18) ({8:-2.69} 16... Bxe5 17. dxe5 Ne4 18. Nxe4 dxe4 19. gxh6 g6
20. Bxe4 Kh7 21. Qg4 21... Rd8 $18) 17. fxg5 Bxe5 18. dxe5 Nh5 19. Rxh5 g6 20.
Rh6 Kg7 21. Qh4 Rh8 22. Nf3 Ref8 23. Bd2 Be8 24. Rf1 a6 25. e4 b5 26. exd5 Qc5+
({8:-6.18} 26... Qc5+ 27. Nd4 Nxe5 28. Qf2 Qe7 29. Qf6+ Qxf6 30. gxf6+ Kg8 31.
dxe6 fxe6 32. Rxh8+ Kxh8 33. Nxe6 33... Rf7 $18) ({8:-4.97} 26... exd5 27. Qf4
Rxh6 28. gxh6+ Kh8 29. Qg5 Qxg5+ 30. Bxg5 b4 31. Bf6+ Kh7 32. Bg7 $18) 27. Nd4
Nxd4 28. cxd4 Qe7 29. d6 Qd7 30. Qf4 Rxh6 31. gxh6+ Kh7 32. h4 f5 33. exf6 Kh8
34. Qg5 Qxd6 35. Qe5 Qxe5 36. dxe5 Bf7 37. Rd1 Rc8 38. Bb4 Rc7 39. Be7 Rc8 40.
Rd7 c3 41. b3 a5 42. Rd8+ Rxd8 43. Bxd8 a4 44. bxa4 bxa4 45. Ba5 Kh7 46. Bxa4
Kxh6 47. Bxc3 Kh5 48. Be1 Kg4 49. Kg2 g5 50. hxg5 Kxg5 51. Bg3 Kh6 52. Kf3 Kg5
53. Bc2 Bh5+ 54. Ke3 Bf7 55. a4 Kg4 56. Bf4 Kh5 57. a5 Bg8 58. a6 Bf7 59. a7
Be8 60. a8=Q Bb5 61. Qg2 Kh4 62. Qg5+ Kh3 63. Qg3# 1-0

[Event "ICS rated blitz match"]
[Site "207.99.83.227"]
[Date "1999.04.09"]
[Round "?"]
[White "totoff"]
[Black "Hossa"]
[Result "1-0"]
[WhiteElo "2068"]
[BlackElo "2454"]
[Annotator "Crafty v16.6"]
[PlyCount "147"]

{annotating for player Hossa using a scoring margin of +0.10 pawns. search
time limit is 20.00} 1. e4 1... e5 2. Nf3 Nc6 3. Bb5 a6 4. Ba4 Nf6 5. Bxc6 dxc6
6. d3 Bg4 7. h3 Bxf3 8. Qxf3 Nd7 9. Qg3 Qe7 ({8:-0.43} 9... Qe7 10. Nc3 O-O-O
11. Be3 Qe6 12. O-O-O Bb4 13. Bg5 $14) ({8:-0.27} 9... Qf6 10. Bd2 Be7 11. O-O
O-O-O 12. Nc3 Bc5 13. Qg4 $10) 10. Nd2 O-O-O 11. Nc4 b5 ({7:-0.22} 11... b5 12.
Na3 Kb8 13. O-O Qc5 14. Be3 14... Qd6 $10) ({7:-0.08} 11... Qe6 12. Be3 Be7 13.
f4 Bf6 14. O-O-O 14... Kb8 $10) 12. Nd2 Qc5 13. c3 Qd6 14. Nb3 Nf6 15. Ke2 c5
16. Bg5 h6 17. Bxf6 gxf6 18. Rhd1 Qe6 19. Qg4 Qxg4+ 20. hxg4 Bd6 ({10:-0.43} 
20... Bd6 21. a4 Rhg8 22. axb5 axb5 23. f3 Kd7 24. Ra5 c6 25. Ra7+ Ke6 26. Rda1
$14) ({10:-0.31} 20... Rg8 21. Kf3 Rg5 22. a4 Kb7 23. axb5 axb5 24. Ra5 c4 25.
Rxb5+ Kc6 26. Rd5 Rxd5 27. exd5+ Kxd5 28. dxc4+ 28... Kxc4 $14) 21. c4 b4 ({
9:-0.55} 21... b4 22. a3 Rhg8 23. axb4 cxb4 24. c5 Be7 25. f3 Kb7 26. Ra5 $14)
({9:-0.33} 21... Rhg8 22. cxb5 axb5 23. Kf3 Kd7 24. Rac1 Kc6 25. d4 c4 26. Rd3
$14) 22. Rh1 Rdg8 23. f3 Kb8 ({11:-0.84} 23... Kb8 24. a3 bxa3 25. Rxa3 h5 26.
Rh3 Kb7 27. Ra5 Kb6 28. Ke3 hxg4 29. fxg4 c6 30. Rxh8 30... Rxh8 $16) ({
11:-0.36} 23... h5 24. Rh3 hxg4 25. fxg4 Rd8 26. a3 Rhg8 27. axb4 cxb4 28. c5
Be7 29. Rxa6 29... Rxg4 $14) 24. Rh5 Rg5 ({10:-0.98} 24... Rg5 25. a3 Rxh5 26.
gxh5 Rg8 27. g4 Kb7 28. axb4 cxb4 29. c5 Be7 30. Ra5 $16) ({10:-0.79} 24... Kb7
25. a3 Ka7 26. axb4 cxb4 27. c5 Be7 28. Rah1 Bf8 29. d4 29... Bg7 $16) 25. a3
Ka7 26. axb4 cxb4 27. c5 Rxh5 ({11:-1.46} 27... Rxh5 28. gxh5 Be7 29. g4 Rb8
30. d4 exd4 31. Nxd4 Kb7 32. c6+ Kb6 33. Nf5 Bf8 34. Nd4 $16) ({11:-1.31} 27...
Be7 28. Ra4 Rxh5 29. gxh5 Rb8 30. Na5 Rg8 31. Nc6+ Kb7 32. Nxe7 Rxg2+ 33. Ke3
Rxb2 34. d4 $16) 28. gxh5 Be7 29. Ra4 Rb8 30. Ke3 Rg8 31. g4 Rb8 32. d4 Rb5 33.
Kd3 Bf8 34. Kc4 exd4 35. Rxb4 f5 36. Rxb5 axb5+ 37. Kxb5 fxg4 38. fxg4 d3 39.
Kc4 Bg7 40. Kxd3 Bxb2 41. Nd4 f6 42. Nf5 Bc1 43. Kc4 Bg5 44. Kd5 Kb7 45. Ne7
Bf4 46. Ke6 Bg5 47. c6+ Kb8 48. Kd7 Bf4 49. Nd5 Be5 50. Ke6 Bd4 51. Nxf6 Be3
52. Nd5 Bc5 53. e5 Kc8 54. Kf5 Ba3 55. g5 hxg5 56. Kxg5 Bb2 57. Kf5 Ba3 58. h6
Bf8 59. h7 Bg7 60. Ne7+ Kd8 61. Ng6 Kc8 62. h8=Q+ Bxh8 63. Nxh8 Kb8 64. e6 Ka7
65. e7 Kb6 66. e8=Q Kc5 67. Qd7 Kb6 68. Nf7 Kb5 69. Qxc7 Kc4 70. Qd6 Kc3 71. c7
Kb3 72. c8=Q Ka4 73. Qb6 Ka3 74. Qa8# 1-0

[Event "ICS rated blitz match"]
[Site "207.99.83.227"]
[Date "1999.04.09"]
[Round "?"]
[White "Hossa"]
[Black "postalex"]
[Result "1-0"]
[WhiteElo "2425"]
[BlackElo "2040"]
[PlyCount "66"]

1. e4 Nc6 2. Nf3 d6 3. Bb5 a6 4. Bxc6+ bxc6 5. O-O g6 6. d4 Bg7 7. Be3 Nf6 8.
e5 Nd5 9. Bg5 h6 10. Bd2 g5 11. c4 Nf4 12. Bxf4 gxf4 13. Qc1 c5 14. dxc5 dxe5
15. Rd1 Bd7 16. c6 Bxc6 17. Rxd8+ Rxd8 18. Nfd2 Rg8 19. f3 f5 20. Qd1 e4 21.
fxe4 fxe4 22. Qh5+ Kf8 23. Qf5+ Ke8 24. Qe6 Bxb2 25. Qxg8+ Kd7 26. Qg4+ e6 27.
Nb3 Bxa1 28. Nxa1 Kc8 29. Nc3 Kb8 30. Qxf4 Rd3 31. Qxh6 e3 32. Qf8+ Kb7 33. Nb3
33... e2 {postalex resigns} 1-0

[Event "ICS rated blitz match"]
[Site "207.99.83.227"]
[Date "1999.04.09"]
[Round "?"]
[White "ferman"]
[Black "Hossa"]
[Result "0-1"]
[WhiteElo "2116"]
[BlackElo "2428"]
[PlyCount "64"]

1. d4 Nf6 2. c4 g6 3. Nc3 Bg7 4. e4 d6 5. Nf3 Bg4 6. Be3 O-O 7. Be2 Nc6 8. d5
Nb8 9. Qd2 Nbd7 10. h3 Bxf3 11. Bxf3 c5 12. Be2 Qb6 13. O-O Ne5 14. f4 Ned7 15.
Rab1 Rae8 16. b4 Qc7 17. bxc5 Nxc5 18. Bf3 Rc8 19. Nb5 Ncxe4 20. Qe2 Qxc4 21.
Nxa7 Qxe2 22. Bxe2 Rb8 23. Bc4 Nc3 24. Rb3 Nfxd5 25. Bd2 Bd4+ 26. Kh2 Bxa7 27.
Bxc3 Ne3 28. Rfb1 Nxc4 29. Rxb7 Ne3 30. R1b3 Rxb7 31. Rxb7 Ra8 32. Rxe7 32...
Nd5 {ferman resigns} 0-1

[Event "ICS rated blitz match"]
[Site "207.99.83.227"]
[Date "1999.04.09"]
[Round "?"]
[White "kaspinha"]
[Black "Hossa"]
[Result "0-1"]
[WhiteElo "2151"]
[BlackElo "2433"]
[PlyCount "86"]

1. e4 c5 2. Nf3 Nc6 3. Bb5 a6 4. Bxc6 dxc6 5. d3 Bg4 6. h3 Bxf3 7. Qxf3 e5 8.
O-O Nf6 9. Nd2 Nd7 10. Nc4 b5 11. Ne3 Qe7 12. Nf5 Qf6 13. Qg3 Qg6 14. f4 Qxg3
15. Nxg3 O-O-O 16. fxe5 Nxe5 17. Bf4 Ng6 18. Be3 Ne5 19. Bf4 Ng6 20. Bg5 f6 21.
Be3 Ne5 22. Nf5 g6 23. Ng3 Be7 24. Bf4 Bd6 25. Ne2 Rhe8 26. a4 b4 27. b3 h5 28.
Kh1 h4 29. Rae1 Kb8 30. Ng1 Ka8 31. Nf3 Nxf3 32. Rxf3 Be7 33. Ref1 Rg8 34. Bc7
Rd7 35. Bh2 Ka7 36. Rxf6 Bxf6 37. Rxf6 Kb6 38. Bd6 a5 39. e5 g5 40. Bf8 g4 41.
e6 Rd5 42. e7 Re5 43. Rf5 43... Re1+ {kaspinha resigns} 0-1